Mezzi termini : [silloge] /

Gespeichert in:
Bibliographische Detailangaben
1. Verfasser: Vecchio, Alex (Verfasst von)
Format: Buch
Sprache:Italienisch
Veröffentlicht: [Tolentino] : Montag, 2012
Schriftenreihe:Solaris
Tags: Tag hinzufügen
Keine Tags, Fügen Sie das erste Tag hinzu!

MARC

LEADER 00000nam a22000007i 4500
001 IT\ICCU\UMC\0979466
003 ItRI
005 20231214165150.0
008 140506s2012 it |||||| ||||| |||||c
020 |a 9788897875253 
040 |b ita  |c C 
041 7 |a ita  |2 ISO-639-2 
100 1 |a Vecchio, Alex  |0 IT\ICCU\UMCV\429635  |4 aut 
245 1 0 |a Mezzi termini :  |b [silloge] /  |c Alex Vecchio. 
260 |a [Tolentino] :  |b Montag,  |c 2012 
300 |a 69 p. ;  |c 21 cm. 
830 0 |a Solaris  |0 IT\ICCU\MOD\1458669 
942 |2 ddc  |c BK 
952 |0 0  |1 0  |2 ddc  |4 0  |6 851_920000000000000_VEC_MEZ  |7 1  |9 401  |a GE  |b GE  |d 2023-12-12  |l 0  |o 851.92 VEC MEZ  |p 4711  |r 2023-12-14 16:52:28  |w 2023-12-14  |y BK 
981 1 |6 z01  |a i   |b xxxe  
982 1 |6 z01  |a n 
999 |c 303  |d 303